Synthesis of selenium-containing para-phenylenediamines: Novel antidegradants for natural rubber (Record no. 46485)

MARC details
000 -LEADER
fixed length control field 00335nam a2200109Ia 4500
100 ## - MAIN ENTRY--AUTHOR NAME
Personal name Parr Willima JE
245 #0 - TITLE STATEMENT
Title Synthesis of selenium-containing para-phenylenediamines: Novel antidegradants for natural rubber
260 ## - PUBLICATION, DISTRIBUTION, ETC. (IMPRINT)
Name of publisher J.C.S.Perkin I
Year of publication 1981
300 ## - PHYSICAL DESCRIPTION
Number of Pages 3002-3007
942 ## - ADDED ENTRY ELEMENTS (KOHA)
Koha item type Reprints
Holdings
Withdrawn status Lost status Damaged status Not for loan Home library Current library Date acquired Koha item type
      Reprints RRII Library RRII Library 22/12/2021 Reprints